书目信息 |
| 题名: |
汉语方言学导论
|
|
| 作者: | 游汝杰 著 | |
| 分册: | ||
| 出版信息: | 上海 上海教育出版社 2018.09 |
|
| 页数: | 252页 | |
| 开本: | 22cm | |
| 丛书名: | ||
| 单 册: | ||
| 中图分类: | H17 | |
| 科图分类: | ||
| 主题词: | 汉语方言 | |
| 电子资源: | ||
| ISBN: | 7-5444-8429-7 | |
| 000 | 00585nam0 2200205 450 | |
| 001 | 2552941731 | |
| 005 | 20251217144626.37 | |
| 010 | @a7-5444-8429-7@dCNY53.00 | |
| 100 | @a20251217d2018 km y0chiy0120 ea | |
| 101 | 0 | @achi |
| 102 | @aCN@b310000 | |
| 102 | @aCN@b310000 | |
| 200 | 1 | @a汉语方言学导论@AHan Yu Fang Yan Xue Dao Lun@f游汝杰著@FYou Ru Jie Zhu |
| 210 | @a上海@c上海教育出版社@d2018.09 | |
| 215 | @a252页@d22cm | |
| 606 | 0 | @a汉语方言 |
| 690 | @aH17@v4 | |
| 701 | 0 | @a游汝杰@AYou Ru Jie@4著 |
| 801 | 0 | @aCN@b大连网信软件有限公司图书馆·11@c20251217 |
| 905 | @aZUCC@dH17@e146 | |
| 汉语方言学导论/游汝杰著.-上海:上海教育出版社,2018.09 |
| 252页;22cm |
| ISBN 7-5444-8429-7:CNY53.00 |
| ● |
| 相关链接 |
|
|
|
|
正题名:汉语方言学导论
索取号:H17/146
 
预约/预借
| 序号 | 登录号 | 条形码 | 馆藏地/架位号 | 状态 | 备注 |
| 1 | 1442036 | 214420367 | 第二样本阅览室/ [索取号:H17/146] |
已借出,限还日期为2035.12.17 借出人:刘巍 |